[Event "GER-ch U16"]
[Site "Willingen"]
[Date "2022.06.05"]
[Round "1"]
[White "Lerchl, Clemens"]
[Black "Albert, Markus1111"]
[Result "1-0"]
[WhiteElo "1843"]
[BlackElo "2053"]
[PlyCount "173"]
[EventDate "2022.06.04"]
[EventType "swiss"]
[EventRounds "9"]
[EventCountry "GER"]
[SourceTitle "CBM 208 Extra"]
[Source "ChessBase"]
[SourceDate "2022.07.31"]
[SourceVersion "1"]
[SourceVersionDate "2022.07.31"]
[SourceQuality "1"]

1. e4 d5 2. exd5 Nf6 3. Nf3 Nxd5 4. d4 g6 5. c4 Nb6 6. Nc3 Bg7 7. Be2 0-0 8. h3 N6d7 9. Bf4 Nc6 10. Nb5 e5 11. dxe5 Ncxe5 12. Nxe5 Nxe5 13. Qxd8 Rxd8 14. Nxc7 Rb8 15. 0-0 Bf5 16. Nd5 Kf8 17. Rad1 Be6 18. b3 Rbc8 19. Rfe1 b5 20. Nc7 bxc4 21. Nxe6+ fxe6 22. Rxd8+ Rxd8 23. Bxc4 Nxc4 24. bxc4 Rd4 25. Be3 Rxc4 26. Bxa7 Kf7 27. Re2 Bf8 28. Be3 e5 29. Rb2 Ke6 30. Kf1 Ba3 31. Rb3 Be7 32. Rb6+ Kf7 33. Ra6 Rc2 34. a4 Bb4 35. Ra7+ Ke6 36. g3 Ra2 37. Kg2 e4 38. a5 Rxa5 39. Rxh7 Ra2 40. Rg7 Kf6 41. Bd4+ Kg5 42. h4+ Kf5 43. Rf7+ Ke6 44. Rf6+ Kd5 45. Be3 Bd2 46. Bxd2 Rxd2 47. Kf1 e3 48. fxe3 Ke4 49. Rxg6 Kf3 50. Kg1 Rg2+ 51. Kh1 Re2 52. h5 Rxe3 53. Kh2 Re5 54. g4 Re2+ 55. Kh3 Kf4 56. Rf6+ Kg5 57. Rf5+ Kh6 58. Kh4 Rh2+ 59. Kg3 Rc2 60. Re5 Rc3+ 61. Kf4 Rc1 62. Re6+ Kg7 63. Kg5 Rc5+ 64. Kh4 Rc1 65. Ra6 Rc4 66. h6+ Kh7 67. Kh5 Rc1 68. Ra7+ Kh8 69. g5 Rc5 70. Rf7 Kg8 71. Rf6 Kh7 72. Re6 Rb5 73. Re7+ Kh8 74. Kg6 Rb6+ 75. Kf5 Rb5+ 76. Kf6 Rb6+ 77. Re6 Rb8 78. g6 Rf8+ 79. Kg5 Rd8 80. Re5 Ra8 81. Rf5 Rb8 82. Rf8+ Rxf8 83. g7+ Kh7 84. gxf8B Kg8 85. Kg6 Kh8 86. Bg7+ Kg8 87. h7# 1-0

[Event "GER-ch U14"]
[Site "Willingen"]
[Date "2020.10.24"]
[Round "7"]
[White "Lerchl, Clemens"]
[Black "Wiedersich, Hendryk"]
[Result "1-0"]
[WhiteElo "1699"]
[BlackElo "1570"]
[PlyCount "103"]
[EventDate "2020.10.19"]
[EventType "swiss"]
[EventRounds "7"]
[EventCountry "GER"]
[SourceTitle "EXT 2022"]
[Source "ChessBase"]
[SourceDate "2021.10.06"]
[SourceVersion "1"]
[SourceVersionDate "2021.10.06"]
[SourceQuality "1"]

1. e4 c5 2. Nf3 d6 3. d4 cxd4 4. Nxd4 Nf6 5. Nc3 a6 6. Be2 e6 7. 0-0 Be7 8. Be3 0-0 9. a4 Nc6 10. f4 Qc7 11. Bf3 Rd8 12. Kh1 e5 13. Nde2 Bg4 14. Bxg4 Nxg4 15. Nd5 Nxe3 16. Nxc7 Nxd1 17. Raxd1 Rac8 18. Nd5 b5 19. axb5 axb5 20. Ra1 Kf8 21. c3 Ra8 22. g3 Rab8 23. Ra6 Rdc8 24. Rd1 b4 25. cxb4 Nxb4 26. Nxe7 Kxe7 27. Raxd6 Rc2 28. R6d2 exf4 29. Nxf4 Rbc8 30. Nd5+ Nxd5 31. exd5 Kd6 32. Kg2 Rxd2+ 33. Rxd2 Rc5 34. Kf3 Rxd5 35. Rxd5+ Kxd5 36. Kf4 h6 37. h4 g6 38. b3 Ke6 39. b4 Kd5 40. h5 Kc4 41. Ke5 Kxb4 42. hxg6 fxg6 43. Kf6 g5 44. Kg6 Kc5 45. Kxh6 g4 46. Kg5 Kd6 47. Kxg4 Ke7 48. Kg5 Kf7 49. Kh6 Kg8 50. g4 Kh8 51. Kg6 Kg8 52. g5 1-0

[Event "GER-chT U14"]
[Site "Magdeburg"]
[Date "2019.12.28"]
[Round "4.9"]
[White "Lerchl, Clemens"]
[Black "Kokowski, Kevin"]
[Result "1-0"]
[WhiteElo "1743"]
[BlackElo "1627"]
[PlyCount "105"]
[EventDate "2019.12.27"]
[EventType "team-swiss"]
[EventRounds "7"]
[EventCountry "GER"]
[SourceTitle "CBM 194 Extra"]
[Source "ChessBase"]
[SourceDate "2020.03.31"]
[SourceVersion "1"]
[SourceVersionDate "2020.03.31"]
[SourceQuality "1"]
[WhiteTeam "Vaterstetten Grasbrunn"]
[BlackTeam "Walldorf"]
[WhiteTeamCountry "GER"]
[BlackTeamCountry "GER"]

1. e4 e5 2. Nf3 Nc6 3. Bb5 a6 4. Ba4 Nf6 5. 0-0 Be7 6. Re1 d6 7. c3 0-0 8. h3 b5 9. Bc2 d5 10. exd5 Qxd5 11. d3 Bf5 12. Bg5 Rfe8 13. a4 h6 14. Be3 b4 15. a5 Rad8 16. Ba4 Bxd3 17. Bxc6 Qxc6 18. Nxe5 Qb5 19. Nxd3 Rxd3 20. Qa4 Qxa4 21. Rxa4 Bc5 22. cxb4 Bxe3 23. fxe3 Rdxe3 24. Rxe3 Rxe3 25. Nc3 Re5 26. Ra1 Kf8 27. Kf2 Ne4+ 28. Kf3 Nd2+ 29. Kf4 Nc4 30. b5 g5+ 31. Kg3 axb5 32. a6 Nb6 33. a7 Na8 34. Ra6 b4 35. Na4 Kg7 36. Kh2 f5 37. b3 f4 38. Kg1 Re1+ 39. Kf2 Rc1 40. Re6 Kf7 41. Rxh6 Kg7 42. Rh5 Rb1 43. Rxg5+ Kf7 44. Nc5 Ra1 45. Rf5+ Ke7 46. Rxf4 Rxa7 47. Rxb4 Nb6 48. g4 Ra2+ 49. Kg3 Nd5 50. Rd4 Kd6 51. Ne4+ Ke5 52. Rxd5+ Kxd5 53. Nc3+ 1-0

[Event "GER-chT U14"]
[Site "Magdeburg"]
[Date "2019.12.27"]
[Round "1.1"]
[White "Garner, Isaac"]
[Black "Lerchl, Clemens"]
[Result "1-0"]
[WhiteElo "2040"]
[BlackElo "1743"]
[PlyCount "57"]
[EventDate "2019.12.27"]
[EventType "team-swiss"]
[EventRounds "7"]
[EventCountry "GER"]
[SourceTitle "CBM 194 Extra"]
[Source "ChessBase"]
[SourceDate "2020.03.31"]
[SourceVersion "1"]
[SourceVersionDate "2020.03.31"]
[SourceQuality "1"]
[WhiteTeam "Hamburger SK"]
[BlackTeam "Vaterstetten Grasbrunn"]
[WhiteTeamCountry "GER"]
[BlackTeamCountry "GER"]

1. e4 c5 2. Nf3 d6 3. d4 Nf6 4. Nc3 cxd4 5. Nxd4 g6 6. Be3 Bg7 7. Be2 0-0 8. Qd2 Nc6 9. 0-0-0 Ng4 10. Bxg4 Bxg4 11. f3 Bd7 12. Nxc6 bxc6 13. Bh6 Rb8 14. Bxg7 Kxg7 15. h4 Qb6 16. b3 h5 17. g4 Rh8 18. g5 Rhc8 19. f4 d5 20. exd5 Bf5 21. d6 Rd8 22. Na4 Qb5 23. Qc3+ Kh7 24. dxe7 Re8 25. Rde1 Be6 26. Nc5 Rxe7 27. Ne4 Kg8 28. Nf6+ Kf8 29. Nd5 1-0